000 01213nam a2200241 a 4500
001 BRCA_6381
005 20190320205431.0
008 100811s1945----mx-a######---#000-0#spa-#
041 _aspa
044 _amx
050 4 _aPQ7100
_b.H54 4 1945
245 1 0 _aEl hijo pródigo
_bRevista literaria
_cOctavio G. Barreda editor; Isaac Rojas Rosillo administrador.
260 _aMéxico
_bLetras de México
_c1945
300 _a12 v.
_bil.
_c23 cm.
500 _aRevista inventariada por Banco de México como libro
500 _aVer también K188, K189 y K190
500 _aK191
505 0 _aContenido: v.1. vol. VII, No. 22, Enero, 1945.-- v.2. vol. VII, No. 23, Febrero, 1945.-- v.3. vol. VII, No. 24, Marzo, 1945.-- v.4. vol. VIII, No. 25, Abril, 1945.-- v.5. vol. VIII, No. 26, Mayo, 1945.-- v.6. vol. VIII, No. 27, Junio, 1945.-- v.7. vol. IX, No. 28, Julio, 1945.-- v.8. vol. IX, No. 29, Agosto, 1945.-- v.9. vol. IX, No. 30, Septiembre, 1945.-- v.10. vol. X, No. 31, Octubre, 1945.-- v.11. vol. X, No. 32, Noviembre, 1945.-- v.12. vol. X, No. 33, Diciembre, 1945.
650 1 4 _aLiteratura mexicana
_vPublicaciones periódicas
_915868
650 1 4 _aArte
_zMéxico
_915970
902 _aGFM
942 _2lcc
_cB
999 _c6067
_d6067